| 000 | 00428nam a2200169Ia 4500 | ||
|---|---|---|---|
| 008 | 151213s9999 xx 000 0 und d | ||
| 020 | _a81-3150159-0 | ||
| 100 | _aJeffrey A. Mello | ||
| 245 |
_aStrategic H R M _cJeffrey A. Mello |
||
| 250 | _a2nd | ||
| 260 |
_aNew Delhi _bBaba Barkhanath Printers _c2006 |
||
| 300 | _a7096 p. | ||
| 650 | _aManagement | ||
| 650 | _aManagement | ||
| 700 | _aJeffrey A. Mello | ||
| 999 |
_c3756 _d3756 |
||